Red, Green & Blue Mind Bender Quiz Stats

 Plays Quiz Updated May 19, 2013

Challenge
Share
Tweet
Score 0/140 Timer 01:30
2 Plays Today
% Correct
66.1%
66%
66%
66%
66%
65.9%
65.9%
65.9%
65.9%
65.9%
65.9%
65.9%
65.9%
65.9%
65.8%
65.8%
65.8%
65.8%
65.8%
65.8%
65.8%
65.8%
65.8%
65.8%
65.8%
65.8%
65.8%
65.8%
65.8%
65.8%
65.7%
65.8%
65.7%
65.7%
65.7%
65.7%
65.7%
65.7%
65.7%
65.7%
65.7%
65.7%
65.7%
65.7%
65.7%
65.7%
65.7%
% Correct
65.7%
65.7%
65.7%
65.7%
65.7%
65.7%
65.7%
65.7%
65.7%
65.6%
65.6%
65.6%
65.6%
65.6%
65.6%
65.6%
65.6%
65.6%
65.6%
65.6%
65.6%
65.6%
65.6%
65.6%
65.6%
65.6%
65.6%
65.6%
65.6%
65.6%
65.6%
65.6%
65.6%
65.6%
65.6%
65.6%
65.5%
65.5%
65.5%
65.5%
65.5%
65.5%
65.5%
65.5%
65.5%
65.5%
65.5%
% Correct
65.5%
65.5%
65.5%
65.5%
65.5%
65.5%
65.5%
65.5%
65.4%
65.5%
65.4%
65.4%
65.4%
65.4%
65.4%
65.4%
65.4%
65.4%
65.4%
65.4%
65.4%
65.3%
65.3%
65.3%
65.2%
65.2%
63.8%
63.7%
63.6%
63.6%
63.5%
63.5%
63.5%
63.4%
63.4%
63.4%
63.4%
63.4%
63.4%
63.4%
63.3%
63.2%
63.2%
63.1%
63%
63%

You're not logged in!

Compare scores with friends on all Sporcle quizzes.
Join for Free
OR
Log In

You Might Also Like...

Show Comments

Extras

Top Quizzes Today


Score Distribution

Your Account Isn't Verified!

In order to create a playlist on Sporcle, you need to verify the email address you used during registration. Go to your Sporcle Settings to finish the process.

Report this User

Report this user for behavior that violates our Community Guidelines.

Details: